000 00555nam a22001817a 4500
003 OSt
005 20140310181926.0
008 130720t xxu||||| |||| 00| 0 eng d
050 _aLB 1573
_b.Sc416lds2 2000
082 _aTRE 428.4076s
_bSci2f 2000
245 _aDecodable takehome books. Level D. Set 2 :
_cScience Research Associates
260 _aColombus, Ohio:
_bSRA/McGraw-Hill,
_cc2000.
300 _a208 p. :
_bill. ;
_c28cm.
521 _aFaculty
541 _j1
650 _a Reading
_xAbility testing.
_92388
942 _2lcc
_cBK-TR
_kTRE
999 _c7184
_d7184